Statistics for The North Korea Quiz

Click here to take the quiz!

General Stats

  • This quiz has been taken 545 times
    (165 since last reset)
  • The average score is 15 of 58

Answer Stats

Hint Answer % Correct
Official LanguageKorean
96%
Capital/Largest CityP'yŏngyang
93%
Current Supreme Leader/Chairman of the WPKKim Jong Un
88%
Eternal Chairman/LeaderKim Jong Il
77%
Official State Name or TitleDemocratic People's Republic of Korea
72%
Eternal President/"Father" of the Nation/FounderKim Il Sung
72%
What year did the above supreme leader die?2011
72%
Number of Legal Political Parties3
63%
Largest Neighbor and Historic AllyPeople's Republic of China
60%
What year did the above supreme leader die?1994
58%
Legal Voting Age for All Citizens17
57%
One Color found on the National FlagRed, White, or Blue
54%
CurrencyWon
52%
The "Guiding" State IdeologyJuche
46%
North Korea experienced this during the mid-1990'sFamine, or the Arduous March
43%
North Korea is separated from South Korea by this bufferDemilitarized Zone
41%
Number of ProvincesNine
39%
Number of Workers' Party of Korea congresses, as of 20177
32%
George W. Bush argued North Korea's membership in this "Axis" with Iran and Iraq in 2002Axis of Evil
32%
Former NBA All-Star with close personal relationship to North Korea's Supreme LeaderDennis Rodman
28%
Governing/Largest Political PartyWorkers' Party of Korea
28%
State-Owned AirlineAir Koryo
27%
Host Nation of 2018 Summit between Kim Jong Un and Donald TrumpSingapore
25%
International Workers' DayMay 1
25%
"Sacred" Mountain found along the Korean-Chinese borderMt. Paektu
20%
Famous Tower Dedicated to Above IdeologyTower of the Juche Idea
19%
Second Largest CityHamhŭng
17%
River that separates North Korea and ChinaAmnok (or Tuman) River
15%
Alphabetical Script of the Above LanguageChosŏn'gŭl
12%
National AnthemAegukka
12%
2013 Population Estimate (Rounded to the Nearest Million)25,000,000
10%
Ancient Korean CapitalKaesŏng
9%
"Military-First" Policy originating in the 1960'sSongun
9%
Tallest Building in North KoreaRyugyong Hotel
8%
North Korean Army NameKorean People's Army
8%
Flower symbol of North KoreaLotus
7%
Famous North Korean beer known for its strong after tasteTaedonggang maekchu
6%
Art performance held in August that is in Guinness Book of RecordsArirang Festival
6%
World's Largest StadiumRungrado 1st of May Stadium
6%
National Football Team - also the name for a Political Movement in 1960's, taken after a mythical winged horseChollima
6%
Day of the SunApril 15
5%
Country Calling Code+850
4%
Victory DayJuly 27
4%
North Korea's unicameral legislatureSupreme People's Assembly
4%
100 of these equal the Above CurrencyChon
4%
National FlowerMagnolia
4%
Party Foundation DayOctober 10
3%
Huge Barrage in Namp'oWest Sea Barrage
3%
Day of the Shining StarFebruary 16
2%
Acclaimed State Art Studio based in P'yŏngyangMansudae Art Studio
2%
Chosŏn'gŭl DayJanuary 15
2%
Mother's DayNovember 16
1%
The three Political Parties form this Unity FrontDemocratic Front for the Reunification of the Fatherland
1%
Current PremierPak Pong Ju
1%
Highest Award Decoration Given by the StateOrder of Kim Il Sung
1%
Day of the Foundation of the CountrySeptember 9, 1948
1%
Constitution DayDecember 27
0%
Commission that replaced the National Defence Commission in 2016; the Supreme Power Organization in the CountryState Affairs Commission
0%

Score Distribution

Percentile by Number Answered

Percent of People with Each Score

Your Score History

You have not taken this quiz since the last reset